Pripravenosť stavebníctva na digitálne nástroje a aplikácia BIM pri plánovaní výstavby
Enregistré dans:
| Auteur principal: | |
|---|---|
| Autres auteurs: | |
| Format: | Manuscrit Livre |
| Langue: | slovaque |
| Publié: |
2024
|
| Sujets: | |
| Accès en ligne: | http://is.stuba.sk/zp/portal_zp.pl?podrobnosti_zp=99086 |
| Tags: |
Pas de tags, Soyez le premier à ajouter un tag!
|
MARC
| LEADER | 00000ntm a22000003a 4500 | ||
|---|---|---|---|
| 001 | stuzp99086 | ||
| 003 | SK-STU | ||
| 005 | 20240629212616.0 | ||
| 007 | ta | ||
| 008 | 150427s2015----xo-----f-mn---000-0-slo-d | ||
| 040 | |a STU |b slo | ||
| 041 | 0 | |a slo | |
| 100 | 1 | |a Funtík, Tomáš |u 010270 |k Z1 |4 aut |U SvF Stavebná fakulta |T SvF Katedra technológie stavieb |X 22617 |U V270 |Y 28 |7 A000022617 | |
| 242 | 0 | 1 | |a The readiness of the construction industry for digital tools and the application of BIM in construction planning |y eng |
| 245 | 1 | 0 | |a Pripravenosť stavebníctva na digitálne nástroje a aplikácia BIM pri plánovaní výstavby |
| 260 | |c 2024 | ||
| 650 | 4 | |a plánovanie výstavby |2 slo | |
| 650 | 4 | |a informačné modelovanie stavieb |2 slo | |
| 650 | 4 | |a BIM |2 slo | |
| 650 | 4 | |a building information modeling |2 eng | |
| 650 | 4 | |a construction planning |2 eng | |
| 650 | 4 | |a BIM |2 eng | |
| 700 | 1 | |a , |4 ths |X null |7 null | |
| 856 | 4 | |u http://is.stuba.sk/zp/portal_zp.pl?podrobnosti_zp=99086 | |
| 996 | |b 284V038176 |c V* 3511/HP-267 |l VVS |s P |a 0 |w stuzp99086_0001 | ||